000 00660nam a2200217 i 4500
001 C2-0320574
003 PPAK
005 20180728120020.0
008 130107s2002 xx |||| ||||| | zxx d
040 _aPPAK
_beng
_cPPAK
_erda
082 0 4 _a371.97
_223
090 0 0 _a371.97
_bRUL
_dR
245 0 0 _aRules of the general conference of the federation of the Universities of the Islamic World
264 1 _bUniversities of the Islamic World ,
_c2002
300 _a1 vol. [various pages ;
_c21 cm
336 _2rdacontent
_atext
337 _2rdamedia
_aunmediated
338 _2rdacarrier
_avolume
650 1 0 _aEducation, Islamic countries
942 _ddc
_cB
999 _c121234
_d121234